Qué puedes hacer con un rebozo? = (Record no. 19415)
[ view plain ]
| 000 -LEADER | |
|---|---|
| fixed length control field | 02581cam a2200613 a 4500 |
| 001 - CONTROL NUMBER | |
| control field | sjds388939 |
| 003 - CONTROL NUMBER IDENTIFIER | |
| control field | sjds |
| 005 - DATE AND TIME OF LATEST TRANSACTION | |
| control field | 20180328215530.0 |
| 008 - FIXED-LENGTH DATA ELEMENTS--GENERAL INFORMATION | |
| fixed length control field | 090327t20092009caua b 000 f eng |
| 010 ## - LIBRARY OF CONGRESS CONTROL NUMBER | |
| Canceled/invalid LC control number | 2006039624 |
| 020 ## - INTERNATIONAL STANDARD BOOK NUMBER | |
| International Standard Book Number | 9781582462707 (hardcover) : |
| Terms of availability | $14.99 |
| 020 ## - INTERNATIONAL STANDARD BOOK NUMBER | |
| International Standard Book Number | 1582462704 (hardcover) : |
| Terms of availability | $14.99 |
| 020 ## - INTERNATIONAL STANDARD BOOK NUMBER | |
| International Standard Book Number | 1582462712 (pbk.) |
| 020 ## - INTERNATIONAL STANDARD BOOK NUMBER | |
| International Standard Book Number | 9781582462714 (pbk.) |
| 035 ## - SYSTEM CONTROL NUMBER | |
| Canceled/invalid control number | (OCoLC)244065716 |
| -- | (OCoLC)300402458 |
| 035 ## - SYSTEM CONTROL NUMBER | |
| System control number | (OCoLC)317296531 |
| 040 ## - CATALOGING SOURCE | |
| Modifying agency | UtOrBLW |
| Transcribing agency | sjds |
| 041 1# - LANGUAGE CODE | |
| Language code of text/sound track or separate title | eng |
| -- | spa |
| Language code of original | eng |
| 049 ## - LOCAL HOLDINGS (OCLC) | |
| Holding library | IFAA |
| 099 ## - LOCAL FREE-TEXT CALL NUMBER (OCLC) | |
| Classification number | ESPANOL PICTURE BOOKS TAFOLLA 2009 |
| 999 ## - SYSTEM CONTROL NUMBERS (KOHA) | |
| Koha Dewey Subclass [OBSOLETE] | ESPANOL PICTURE BOOKS TAFOLLA 2009 |
| 100 1# - MAIN ENTRY--PERSONAL NAME | |
| Personal name | Tafolla, Carmen, |
| Dates associated with a name | 1951- |
| Relator term | author. |
| 245 10 - TITLE STATEMENT | |
| Title | Qué puedes hacer con un rebozo? = |
| Remainder of title | What can you do with a rebozo? / |
| Statement of responsibility, etc. | by Carmen Tafolla ; illustrated by Amy Córdova. = �Qué puedes hacer con un rebozo? / por Carmen Tafolla ; ilustraciones de Amy Córdova. |
| 246 31 - VARYING FORM OF TITLE | |
| Title proper/short title | What can you do with a rebozo? |
| 260 ## - PUBLICATION, DISTRIBUTION, ETC. (IMPRINT) | |
| Place of publication, distribution, etc. | Berkeley [Calif.] : |
| Name of publisher, distributor, etc. | Tricycle Press, |
| Date of publication, distribution, etc. | c2009 |
| 264 #1 - PRODUCTION, PUBLICATION, DISTRIBUTION, MANUFACTURE, AND COPYRIGHT NOTICE | |
| Place of production, publication, distribution, manufacture | Berkeley [Calif.] : |
| Name of producer, publisher, distributor, manufacturer | Tricycle Press, |
| Date of production, publication, distribution, manufacture, or copyright notice | [2009] |
| 264 #4 - PRODUCTION, PUBLICATION, DISTRIBUTION, MANUFACTURE, AND COPYRIGHT NOTICE | |
| Date of production, publication, distribution, manufacture, or copyright notice | c2009 |
| 300 ## - PHYSICAL DESCRIPTION | |
| Extent | 1 volume (unpaged) : |
| Other physical details | color illustrations ; |
| Dimensions | 28 cm |
| 336 ## - CONTENT TYPE | |
| Content type term | text |
| Content type code | txt |
| Source | rdacontent |
| 337 ## - MEDIA TYPE | |
| Media type term | unmediated |
| Media type code | n |
| Source | rdamedia |
| 338 ## - CARRIER TYPE | |
| Carrier type term | volume |
| Carrier type code | nc |
| Source | rdacarrier |
| 500 ## - GENERAL NOTE | |
| General note | 2X2 Reading List, 2009 |
| 520 ## - SUMMARY, ETC. | |
| Summary, etc. | A spunky young girl explains the many uses of her mother's red rebozo, a traditional Mexican woven shawl. |
| 520 8# - SUMMARY, ETC. | |
| Summary, etc. | Sumario en español: Una valiente niña explica los múltiples usos de el rebozo rojo de su madre, un chal tejido tradicional mexicano. |
| 521 8# - TARGET AUDIENCE NOTE | |
| Target audience note | AD 670 |
| Source | Lexile |
| 526 0# - STUDY PROGRAM INFORMATION NOTE | |
| Program name | Accelerated Reader |
| Interest level | LG |
| Reading level | 3.2 |
| Title point value | 0.5 |
| Public note | 123524 |
| 546 ## - LANGUAGE NOTE | |
| Language note | Bilingual in English and Spanish. |
| 586 8# - AWARDS NOTE | |
| Awards note | A Junior Library Guild selection |
| 650 #0 - SUBJECT ADDED ENTRY--TOPICAL TERM | |
| Topical term or geographic name as entry element | Mexican Americans |
| Form subdivision | Juvenile fiction. |
| 650 #0 - SUBJECT ADDED ENTRY--TOPICAL TERM | |
| Topical term or geographic name as entry element | Families |
| Form subdivision | Juvenile fiction. |
| 650 #0 - SUBJECT ADDED ENTRY--TOPICAL TERM | |
| Topical term or geographic name as entry element | Shawls |
| Form subdivision | Juvenile fiction. |
| 650 #0 - SUBJECT ADDED ENTRY--TOPICAL TERM | |
| Topical term or geographic name as entry element | Imagination |
| Form subdivision | Juvenile fiction. |
| 650 #0 - SUBJECT ADDED ENTRY--TOPICAL TERM | |
| Topical term or geographic name as entry element | Stories in rhyme |
| Form subdivision | Juvenile literature. |
| 650 #0 - SUBJECT ADDED ENTRY--TOPICAL TERM | |
| Topical term or geographic name as entry element | Spanish language materials |
| General subdivision | Bilingual |
| Form subdivision | Juvenile literature. |
| 650 #7 - SUBJECT ADDED ENTRY--TOPICAL TERM | |
| Topical term or geographic name as entry element | Mexicano-americanos |
| Form subdivision | Novela juvenil. |
| Source of heading or term | bidex |
| 650 #7 - SUBJECT ADDED ENTRY--TOPICAL TERM | |
| Topical term or geographic name as entry element | Familia |
| Form subdivision | Novela juvenil. |
| Source of heading or term | bidex |
| 650 #7 - SUBJECT ADDED ENTRY--TOPICAL TERM | |
| Topical term or geographic name as entry element | Chales y mantones |
| Form subdivision | Novela juvenil. |
| Source of heading or term | bidex |
| 650 #7 - SUBJECT ADDED ENTRY--TOPICAL TERM | |
| Topical term or geographic name as entry element | Imaginación |
| Form subdivision | Novela juvenil. |
| Source of heading or term | bidex |
| 650 #7 - SUBJECT ADDED ENTRY--TOPICAL TERM | |
| Topical term or geographic name as entry element | Cuentos en rima |
| Form subdivision | Literatura juvenil. |
| Source of heading or term | bidex |
| 650 #7 - SUBJECT ADDED ENTRY--TOPICAL TERM | |
| Topical term or geographic name as entry element | Materiales bilingües en español |
| Form subdivision | Literatura juvenil. |
| Source of heading or term | bidex |
| 655 #7 - INDEX TERM--GENRE/FORM | |
| Genre/form data or focus term | 2X2 Reading List, 2009. |
| Source of term | local |
| 700 1# - ADDED ENTRY--PERSONAL NAME | |
| Personal name | Córdova, Amy, |
| Relator term | illustrator. |
| 942 ## - ADDED ENTRY ELEMENTS (KOHA) | |
| Koha item type | Libro/Book |
No items available.